All PDC Premier League Players - Statistics

General Stats
  • This quiz has been taken 78 times
    18 since last reset
  • The average score is 22 of 43
Answer Stats
Debut Answer % Correct
2024 Luke Littler
100%
2018 Gerwyn Price
92%
2024 Luke Humphries
92%
2013 Michael van Gerwen
92%
2005 Phil Taylor
92%
2008 James Wade
85%
2016 Michael Smith
85%
2006 Raymond Van Barneveld
85%
2021 Jonny Clayton
77%
2007 Adrian Lewis
69%
2011 Gary Anderson
69%
2005 John Part
69%
2018 Rob Cross
69%
2010 Simon Whitlock
69%
2015 Stephen Bunting
69%
2021 Dimitri Van den Bergh
62%
2022 Joe Cullen
62%
2020 Nathan Aspinall
62%
2014 Peter Wright
62%
2014 Dave Chisnall
54%
2005 Peter Manley
54%
2023 Chris Dobey
46%
2021 Jose de Sousa
46%
2026 Josh Rock
46%
2005 Wayne Mardle
46%
2007 Dennis Priestley
38%
2026 Gian van Veen
38%
2020 Glen Durrant
38%
2018 Daryl Gurney
31%
2009 Mervyn King
31%
2013 Robert Thornton
31%
2012 Andy Hamilton
23%
2012 Kevin Painter
23%
2015 Kim Huybrechts
23%
2005 Mark Dudbridge
23%
2011 Mark Webster
23%
2018 Mensur Suljovic
23%
2005 Roland Scholten
23%
2006 Ronnie Baxter
23%
2007 Terry Jenkins
23%
2005 Colin Loyd
15%
2009 Jelle Klaasen
15%
2013 Wes Newton
15%
No matching quizzes found
Score Distribution
Percent of People with Each Score
Percentile by Number Answered
Your Score History
You have not taken this quiz since the last reset